000 01194nam a22003497a 4500
003 CHAP
005 20220329135931.0
008 971013s1994 r 00010 d
010 _a44315
011 _a45287
035 _a49426
040 _cCHAP
090 _aTesis
100 0 0 _aFlores Baldovino, Ignacio.
_941447
245 _aElaboración de una bacterina para la prevención de Pasteurelosis en conejos
260 _aChapingo, Méx. :
_bEl autor,
_c1994
300 _a48 h.
502 _aTesis (Ing. Agr. Esp. en Zootecnia) -- UACH. Departamento de Zootecnia
590 _aALEPH
_b10
_c20130110
_lUCH01
_h1313
590 _aBATCH-UPD
_b10
_c20130110
_lUCH01
_h0212
590 _aBATCH-UPD
_b10
_c20130110
_lUCH01
_h2117
590 _aBATCH-UPD
_b10
_c20130410
_lUCH01
_h1427
590 _aBATCH-UPD
_b10
_c20130914
_lUCH01
_h1029
590 _aCONVERSION
_b10
_c20130109
_lUCH01
_h1324
650 1 4 _aConejos
_xEnfermedades.
_926362
650 1 4 _aPasteurella multocida.
_985914
700 0 _aHernández Barroso, Marco Antonio.
_953839
901 _aBK
942 _cFOLL
949 _bBC
_cTES
_d-111501
_eTS1
_h30482
_i49426
_si
949 _bBC
_cTES
_d33724000006839
_eTS2
_fc.2
_h30483
_i49426
_si
999 _c44315
_d44315